000 00672nam a2200241Ia 4500
003 OSt
005 20220926013247.0
006 a|||||r|||| 00| 0
007 ta
008 220923b |||||||| |||| 00| 0 eng d
020 _a0745001270
037 _cGeneral Book
040 _aRTL
_cRTL
_beng
041 _2eng
_aeng
082 _aW696, M7
100 _aGreen David G
_9318015
245 0 _aNew right
_b The counter revolution in political, e
260 _aNew York
_bHarvester Wheatsheaf
_c1987
300 _axi, 238p
_ccm.
500 _aBibliography: P 221-32
942 _hW696, M7
_cGB
_2CC
999 _c625554
_d625554